| 000 | 00341nam a22001337a 4500 | ||
|---|---|---|---|
| 005 | 20170726113341.0 | ||
| 008 | 170726b xxu||||| |||| 00| 0 eng d | ||
| 040 | _cPK-LaUMT | ||
| 082 |
_aZIAC 297.05 _bFIK- |
||
| 245 | _aFikro nazar(Vol 51 , No. 3)/ | ||
| 260 |
_aIslamabad: _bIdarah tehqiqat Islami, _c2014 |
||
| 300 | _a154 p. | ||
| 942 | _cBK | ||
| 999 |
_c95717 _d95717 |
||